[Event "North County CC op 189th"]
[Site "San Diego"]
[Date "2004.11.19"]
[Round "4"]
[White "Mc Shan, Kwame"]
[Black "Mahaffey, Sam"]
[Result "1-0"]
[WhiteElo "1053"]
[BlackElo "1655"]
[PlyCount "99"]
[EventDate "2004.10.29"]
[EventType "swiss"]
[EventRounds "5"]
[EventCountry "USA"]
[SourceTitle "EXT 2009"]
[Source "ChessBase"]
[SourceDate "2008.11.26"]
[SourceVersion "1"]
[SourceVersionDate "2008.11.26"]
[SourceQuality "1"]

1. d4 d5 2. Nf3 c6 3. e3 Bf5 4. c4 e6 5. Qb3 Qc7 6. Nc3 Nf6 7. Be2 Bd6 8. 0-0 0-0 9. cxd5 exd5 10. Bd2 Ne4 11. Rfd1 Nxd2 12. Rxd2 Re8 13. Rc1 a6 14. Nxd5 Qd8 15. Nc3 b5 16. Bd3 Bg4 17. Ne5 Be6 18. Qc2 g6 19. Ne4 Bxe5 20. dxe5 Nd7 21. Qc3 Bd5 22. Nf6+ Nxf6 23. exf6 Rc8 24. b4 Qb6 25. Qd4 Qxd4 26. exd4 Re6 27. h3 Rxf6 28. Re2 Re6 29. a3 Kf8 30. Rce1 Rce8 31. f4 f5 32. Re5 Ke7 33. Rxe6+ Bxe6 34. Re5 Kd6 35. Kf2 Re7 36. Ke3 Bd5 37. g3 Re6 38. Kd2 h6 39. Ke3 Re7 40. Be2 h5 41. Bf3 Bxf3 42. Kxf3 Rxe5 43. fxe5+ Ke6 44. Kf4 Kf7 45. h4 Ke6 46. Kg5 Kf7 47. e6+ Kxe6 48. Kxg6 Kd5 49. Kxh5 Kxd4 50. Kg5 1-0

[Event "Detroit op1"]
[Site "Detroit"]
[Date "2003.05.17"]
[Round "1"]
[White "Saylor, Oliver"]
[Black "Mc Shan, Kwame"]
[Result "1-0"]
[WhiteElo "1427"]
[BlackElo "996"]
[PlyCount "49"]
[EventDate "2003.05.17"]
[EventType "swiss"]
[EventRounds "5"]
[EventCountry "USA"]
[SourceTitle "EXT 2007"]
[Source "ChessBase"]
[SourceDate "2006.11.23"]
[SourceVersion "1"]
[SourceVersionDate "2006.11.23"]
[SourceQuality "1"]

1. e4 e6 2. d4 d5 3. Nd2 f5 4. exd5 exd5 5. Ngf3 Nf6 6. Ne5 Bd6 7. Bb5+ c6 8. Bd3 0-0 9. 0-0 Ne4 10. c4 Nd7 11. cxd5 cxd5 12. Nxd7 Qxd7 13. Qb3 Qf7 14. Nf3 Kh8 15. Ne5 Qe6 16. Re1 Bxe5 17. dxe5 Qxe5 18. f3 Qf6 19. Qxd5 Be6 20. Qb5 Nd6 21. Qc5 Rfc8 22. Qf2 Bc4 23. Bxc4 Rxc4 24. Rb1 Rac8 25. b3 1-0